Star Wars Timeline - Statistics

General Stats
  • This quiz has been taken 142 times
  • The average score is 20 of 26
Answer Stats
Release Answer % Correct
2005 Revenge of the Sith
95%
1977 A New Hope
93%
1999 The Phantom Menace
93%
1980 The Empire Strikes Back
92%
2002 Attack of the Clones
91%
1983 Return of the Jedi
91%
2008 The Clone Wars
91%
2008 The Clone Wars (movie)
91%
2017 The Last Jedi
90%
2016 Rogue One
89%
2018 Solo
88%
2015 The Force Awakens
86%
2019 The Rise of Skywalker
85%
2023 The Mandalorian (Season 3)
83%
2019 The Mandalorian (Seasons 1-2)
83%
2022 Andor
75%
2023 Ahsoka (Season 1)
73%
2014 Rebels (Season 1)
72%
2015 Rebels (Seasons 2-4)
72%
2021 The Book of Boba Fett
69%
2024 The Acolyte
68%
2021 The Bad Batch
68%
2022 Obi-Wan Kenobi
64%
2018 Resistance (Season 1)
53%
2019 Resistance (Season 2)
53%
2023 Young Jedi Adventures
16%
No matching quizzes found
Score Distribution
Percent of People with Each Score
Percentile by Number Answered
Your Score History
You have not taken this quiz